Ensayo de autobiografía

Bewaard in:
Bibliografische gegevens
Hoofdauteur: Pasternak, Borís (autor)
Formaat: Boek
Taal:Spaans
Gepubliceerd in: Buenos Aires Dedalo 1959
Onderwerpen:
Tags: Voeg label toe
Geen labels, Wees de eerste die dit record labelt!

MARC

LEADER 00000nam a2200000 a 4500
001 UCZ1807
003 CL-VaPUC
005 20230321130654.0
008 950907e19590000AG |||||||||||||||||spa|d
999 |c 238507  |d 238505 
040 |c Pontificia Universidad Católica de Valparaíso 
082 0 4 |a 928  |b PAS  |2 21 
100 |a Pasternak, Borís  |e autor  |9 266793 
245 1 0 |a Ensayo de autobiografía 
260 |a Buenos Aires  |b Dedalo  |c 1959 
300 |a 123 p 
583 |a last modification  |c 19950907 00:00:00  |k Rodrigo Vera 
600 |a Pasternak, Borís  |d 1890-1960  |x Biografías  |9 880860 
650 0 |a Literatura rusa  |9 318370 
942 |c BK  |2 ddc 
945 |d 19950907 00:00:00  |a rbrito 
952 |0 0  |1 0  |4 0  |6 928_000000000000000_PAS_1959  |7 0  |8 A  |9 248717  |a BIBEDU  |b BIBEDU  |d 2019-11-18  |i 3115429  |o 928 PAS 1959  |p 3115429  |r 2019-11-18  |w 2019-11-18  |y BK  |k LIT 
952 |0 0  |1 0  |4 0  |6 928_000000000000000_PAS_1959  |7 0  |8 A  |9 248718  |a BIBEDU  |b BIBEDU  |d 2019-11-18  |i 3239179  |o 928 PAS 1959  |p 3239179  |r 2019-11-18  |w 2019-11-18  |y BK  |k LIT